Modern nyelvi tanfolyam
Správa o tom, že riaditeľ-učiteľ mestskej obchodnej školy v Sátoraljaujhely Armín Debreceni chce zaviesť moderný spôsob výučby jazykov prostredníctvom tzv. kurzov "Berlitz". Vyslovená je však pochybnosť o úspešnosti, nakoľko študeti obchodných škôl sú natoľko vyťažení, že nebudú schopní ab...
| Médium: | Článok |
|---|---|
| Jazyk: | Hungarian |
| Témy: | |
| Zdroj: |
1. Felvidéki Hirlap 1. Roč. 5, č. 41 (27.10.1912) s. 2 |
| LEADER | 01124nab#a2200301#ar4500 | ||
|---|---|---|---|
| 001 | 000074080 | ||
| 003 | SVKKK | ||
| 005 | 20040609xxxxxxx. | ||
| 008 | 06 c xo huno | ||
| FMT | |||
| 038 | |a SVKKK | ||
| 040 | |a SVKKK |b slo |e AACR2 | ||
| 041 | 0 | |a hun | |
| 044 | |a xo |c SK | ||
| 080 | |a 374 | ||
| 242 | 1 | 0 | |a Moderný jazykový kurz |
| 245 | 0 | 0 | |a Modern nyelvi tanfolyam |
| 500 | |a mikrofilm | ||
| 520 | 2 | |a Správa o tom, že riaditeľ-učiteľ mestskej obchodnej školy v Sátoraljaujhely Armín Debreceni chce zaviesť moderný spôsob výučby jazykov prostredníctvom tzv. kurzov "Berlitz". Vyslovená je však pochybnosť o úspešnosti, nakoľko študeti obchodných škôl sú natoľko vyťažení, že nebudú schopní absolvovať aj tento kurz. | |
| 650 | 0 | 4 | |a Berlitz (kurz jazykový) - Debreceni, Armín (riaditeľ-učiteľ) - organizátor - Sátoraljaujhely (HU) - rok 1912 - správy |
| 773 | 0 | |t Felvidéki Hirlap |g Roč. 5, č. 41 (27.10.1912) s. 2 | |
| 957 | |a Sátoraljaujhely (HU) | ||
| 958 | |a DG | ||
| 958 | |a SK | ||
| 974 | |a Ba |d 20040609 | ||
| 992 | |a RBX | ||
| BAS | |||
| 998 | |a RETRO | ||